Abrazo de identidad

Сохранить в:
Библиографические подробности
Главный автор: Barrera, Rosita (Автор)
Формат:
Язык:испанский
Опубликовано: Santiago ARCOR 1996
Предметы:
Метки: Добавить метку
Нет меток, Требуется 1-ая метка записи!

MARC

LEADER 00000nam a2200000 a 4500
001 UCR8285
003 CL-VaPUC
008 980529e19960000CL |||||||||||||||||spa|d
082 0 4 |a 793  |b BAR  |2 21 
100 0 |a Barrera, Rosita  |e author  |9 409935 
245 1 0 |a Abrazo de identidad 
300 |a 101 p 
942 |c BK 
945 |d 19980529 00:00:00  |a rbrito 
260 |a Santiago  |b ARCOR  |c 1996 
650 7 |a DANZAS PARALELAS  |2 CL-VaPUC  |9 409936 
650 7 |a BAILES NACIONALES  |2 CL-VaPUC  |9 409937 
650 0 |a Danzas  |9 409938 
650 0 |a Costumbres y tradiciones   |9 268292 
650 0 |a Folklore chileno  |9 265536 
650 0 |a Folklore argentino  |9 409939 
651 7 |a CHILE  |2 CL-VaPUC  |9 409940 
651 0 |a Argentina  |9 254888 
583 |a last modification  |c 19980529 00:00:00  |k Rodrigo Vera 
999 |c 269745  |d 269743 
952 |0 0  |1 0  |4 0  |6 793_000000000000000_BAR_1996  |7 0  |8 X  |9 303680  |a FDOMLP  |b FDOMLP  |d 2019-11-20  |i 3426114  |o 793 BAR 1996  |p 3426114  |r 2019-11-20  |w 2019-11-20  |y BK_X  |k BU2 
952 |0 0  |1 0  |4 0  |6 793_000000000000000_BAR_1996  |7 0  |8 X  |9 303681  |a FDOMLP  |b FDOMLP  |d 2019-11-20  |i 3625567  |o 793 BAR 1996  |p 3625567  |r 2019-11-20  |w 2019-11-20  |y BK_X  |k BU2